000 00690nam a2200289Ia 4500
005 20260324133617.0
008 008 260324s9999 xx 000 0 eng d
020 _a9781315262789
037 _aEBOOK
040 _aCRL
040 _beng
040 _cCRL
041 _2eng
041 _aeng
084 _qCRL
100 _aRobert C. Evans
_91119562
245 3 _aAn Collins
245 0 _bPrinted Writings 1641–1700: Series II, Part Two, Volume 1
260 _bTaylor and Francis
260 _c2003
365 _a
365 _b230
856 _uhttp://www.taylorfrancis.com/books/9781315262789
942 _cEBOOK
999 _c1792962
_d1792962